000 00415nam a2200157 4500
001 109793
003 ES-MaACL
005 20230906184919.0
007 t|
008 061121s1977 sp r ||||1| spa d
100 1 _aOnetti, Juan Carlos.
_987072
245 1 3 _aLa vida breve /
_cJuan Carlos Onetti.
260 _aBarcelona :
_bEdhasa,
_c1977.
300 _a308 p. ;
_c21 cm.
852 _aES-MaACL
_jA-6917
_bR.96112
999 _c109793
_d109793